| 000 | 00545nam a2200193 a 4500 | ||
|---|---|---|---|
| 005 | 20250905064005.0 | ||
| 008 | 991125 1986 mx 000 0 spa u | ||
| 020 | _a9688132489 | ||
| 035 | _aUPN01000040323 | ||
| 049 | _aCG | ||
| 050 | 4 |
_aHD4835 M6 _bC84 no.31 |
|
| 245 | 0 | 3 |
_aLa mujer y el trabajo en México : _bantología. |
| 260 |
_aMéxico : _bSTPS, _c1986. |
||
| 300 | _a346 p. | ||
| 440 | 0 |
_aCuadernos laborales ; _v31 |
|
| 650 | 4 |
_aMujeres _xEmpleo _99082 |
|
| 650 | 4 |
_aTrabajo y trabajadores _zMéxico _xHistoria _910850 |
|
| 905 | _aLibro | ||
| 999 |
_c40323 _d40323 |
||